000 00563nam a2200193 4500
003 SEACOMEC
005 20240319131654.0
008 240319b |||||||| |||| 00| 0 eng d
020 _a978-83-5532-214-2
_cRs.562.00
040 _aSEACOMEC
041 _aEnglish
082 _a005.13
_bT367
100 _aThareja, Reema
245 _aData Science and Machine Learning using Python
_cDr Reema Thareja
260 _aKolkata
_bMcGraw Hill Edition
_c2023
300 _a623p
_c20.0 x 14.0 x 4.0 cm
650 _aComputer Science
_vProgramming languages
942 _cBOOK
999 _c834
_d834